The purification problem for constrained games with incomplete information /

Bibliographic Details
Main Author: Meister, Helmut
Format: Book
Language:English
Published: Berlin ; New York : Springer-Verlag, [1987]
Series:Lecture notes in economics and mathematical systems ; 295.
Subjects:

MARC

Tag First Indicator Second Indicator Subfields
LEADER 00000cam a2200000 a 4500
001 in00000008873
005 20151004060010.0
008 870911s1987 wb b 00010 eng
010 |a  87026520  
020 |a 0387184295 (U.S.) :  |c DM32.00 (W. Germany) 
035 |a (OCoLC)16755871 
035 |9 AAA1285AM 
040 |a DLC  |c DLC  |d TXA  |d UtOrBLW 
049 |a TXAM  |c [A12618476] 
050 0 0 |a QA269  |b .M45 1987 
082 0 |a 519.3  |2 19 
100 1 |a Meister, Helmut. 
245 1 4 |a The purification problem for constrained games with incomplete information /  |c Helmut Meister. 
264 1 |a Berlin ;  |a New York :  |b Springer-Verlag,  |c [1987] 
264 4 |c ©1987 
300 |a x, 127 pages ;  |c 24 cm. 
336 |a text  |b txt  |2 rdacontent 
337 |a unmediated  |b n  |2 rdamedia 
338 |a volume  |b nc  |2 rdacarrier 
490 1 |a Lecture notes in economics and mathematical systems ;  |v 295 
504 |a Bibliography: pages [125]-127. 
650 0 |a Game theory. 
650 0 |a Statistical decision. 
830 0 |a Lecture notes in economics and mathematical systems ;  |v 295. 
999 |a MARS 
999 f f |s d7138e63-f5a0-32a7-9393-af15f9960329  |i ab62fbb7-6b82-3878-9ed1-7b8a77208eef  |t 0 
952 f f |p ric  |a Texas A&M University  |b Rellis Campus  |c Joint Library Facility  |d Remote Storage  |t 0  |e QA269 .M45 1987  |h Library of Congress classification  |i unmediated -- volume  |m A14812618476 
998 f f |a QA269 .M45 1987  |t 0  |l Remote Storage